| 000 | 00523nam a2200181 a 4500 | ||
|---|---|---|---|
| 005 | 20140412111339.0 | ||
| 008 | 040616s19uu xx 00 eng d | ||
| 020 | _a0-440-41442-3 | ||
| 050 |
_aTR(PS E _bBe35 1998 |
||
| 100 | _aDavid, Lawrence | ||
| 245 |
_aBeetle boy / _cby Lawrence David; illustrated by Delphine Duran. |
||
| 260 |
_aNew York : _bDragonfly Book, _c1998. |
||
| 300 | _a1 v. (unp.) ; ill. | ||
| 650 | _aBeetle--Fiction | ||
| 650 | _aIdentify--Fiction | ||
| 650 | _aChildren stories | ||
| 999 |
_c105093 _d105093 |
||